00225nam a22000977a 4500020001800000082001500018100002200033245002800055260003600083300000800119 a9789390457151 a539.1bNAG aR. Nageswara Rao  aCore Python Programming aNEWDELHIbDreamtech Pressc2021 a765